000
00301nam a2200121Ia 4500
008
190216s9999||||xx |||||||||||||| ||und||
100
_a
Vaikam Muhammed Basheer
245
0
_a
Ndeuppoopakoru Anandarnu
260
_b
Calicut University Publications
300
_a
48
650
_a
Malayalam
942
_c
BK
999
_c
27618
_d
27618